000 00528nam a2200181Ia 4500
003 OSt
005 20200810120554.0
008 190216s9999||||xx |||||||||||||| ||und||
020 _a9788170142164
040 _coclc
082 _a001.424
_bSWA/O
100 _aSwarup, Kanti
_94022
245 0 _aOperations Research /
_cKanti Swarup ; P K Gupta ; Man Mohan
250 _a8th Ed.
260 _bSulthan Chand&Sons,
_c1999.
_aNew Delhi:
300 _a815p
942 _cBK
_2ddc
_h001.424
_iSWA/O
_k001.424
_mSWA/O
999 _c5854
_d5854